• 首页
  • 本馆介绍
  • 公告通知
  • 最新文献
  • 馆藏检索
  • 电子资源
  • 读者导购
  • 参考咨询
  • 我的图书馆
  • 登录
  • 详细信息显示
  • 放入我的书架
  • 预约/预借图书
  • 作者相关作品
  • 分类相关作品
  • 丛书相关作品
  • 出版社相关作品

书目信息

  • 表格格式
  • 工作单格式
  • 卡片格式
题名:
实用主义
    
 
作者: 詹姆士 著 ;陈羽纶 , 孙瑞禾 译
分册:  
出版信息: 北京   商务印书馆  1979
页数: 224页
开本: 20cm
丛书名:
单 册:
中图分类: B712.44
科图分类:
主题词: 詹姆斯,W.(1842~1910)--哲学 , 詹姆斯,W.(1842~1910)
电子资源:
ISBN:
000 00881nam0 2200265 45
001 0179002386
005 20060722112205.67
010    @dCNY0.69
091    @a2017.158
100    @a19950712d1979 emky0chiy0121 ea
101 1  @achi@ceng
102    @aCN@b110000
105    @ay z 000yy
200 10 @a实用主义@Ashi yong zhu yi@e一些旧思想方法的新名称@EYi Xie Jiu Si XiangFang Fa De Xin Ming Chen@f(美)威廉·詹姆士著@F(Mei)Wei Lian·Zhan Mu ShiZhu@g陈羽纶,孙瑞禾译
210    @a北京@c商务印书馆@d1979
215    @a224页@d20cm
517    @a一些旧思想方法的新名称@AYi Xie Jiu Si Xiang Fang Fa De Xin Ming Chen
606    @a詹姆斯,W.(1842~1910)@x哲学
606 0  @a詹姆斯,W.(1842~1910)
690    @aB712.44@v3
701  0 @a詹姆士@4著
702  0 @a陈羽纶@Achen yu lun@4译
702  0 @a孙瑞禾@Asun rui he@4译
801  0 @aCN@bNLC@c20060722
905    @dB712.44@e2@f1@b213004
    
    实用主义:一些旧思想方法的新名称/(美)威廉·詹姆士著/陈羽纶,孙瑞禾译.-北京:商务印书馆,1979
    224页;20cm
    
    
    ISBN :CNY0.69
    
●
相关链接 在E读中查询图书 在五车中查询图书 在当当中查询图书 在豆瓣中查询图书


正题名:实用主义     索取号:B712.44/2         预约/预借

序号 登录号 条形码 馆藏地/架位号 状态 备注
1 0213003   000578146   密集书库/ [索取号:B712.44/2] 在馆    
2 0213004   000578182   第一样本阅览室/ [索取号:B712.44/2] 在馆    
3 0424589   204245897   密集书库/ [索取号:B712.44/2] 在馆    
4 0425651   204256517   密集书库/ [索取号:B712.44/2] 在馆    
唐山师范学院图书馆 欢迎您!
大连网信软件有限公司© 版权所有